LEADER 01024cam1 2200265 450 001 E600200024801 005 20241122091637.0 100 $a20070131g00009999|||||ita|0103 ba 101 $aita 102 $aIT 200 1 $aMartin Lutero$fRicardo Garcia-Villoslada$gnota del cardinale Carlo Maria Martini 210 $aMilano$cIstituto Propaganda Libraria 215 $av.$d23 cm 225 2 $aIl sestante$hTesti e fonti di storia religiosa 410 1$1001LAEC00023332$12001 $a*Il sestante. Testi e fonti di storia religiosa 463 1$1001SOBE00065835$12000 $a<<1: Il >>frate assetato di Dio / Ricardo Garcia-Villoslada 463 1$1001SOBE00065836$12000 $a<<2: In >>lotta contro Roma / Ricardo Garcia-Villoslada 700 1$aGarcia-Villoslada$b, Ricardo$3A600200040506$4070$0396890 702 1$aMartini, Carlo Maria$3A600200030103$4070 801 0$aIT$bUNISOB$c20241122$gRICA 912 $aE600200024801 940 $aM 102 Monografia moderna SBN 941 $aM 996 $aMartin Lutero$91770768 997 $aUNISOB